Bubbly - Colbie Caillat - Statistics

General Stats
  • This quiz has been taken 31 times
  • The average score is 217 of 274
Answer Stats
Answer % Correct
a
94%
for
94%
go
94%
I
94%
in
94%
me
94%
now
94%
while
94%
always
88%
goes
88%
It
88%
it
88%
know
88%
nose
88%
please
88%
start
88%
starts
88%
stay
88%
to
88%
toes
88%
you
88%
You
88%
and
81%
And
81%
been
81%
child
81%
crinkle
81%
feel
81%
Just
81%
just
81%
like
81%
make
81%
my
81%
smile
81%
take
81%
That
81%
that
81%
time
81%
Wherever
81%
wherever
81%
your
81%
feelin'
75%
got
75%
I've
75%
the
75%
The
75%
when
75%
When
75%
bubbly
69%
But
69%
but
69%
Cause
69%
count
69%
every
69%
feeling
69%
rain
69%
awake
63%
dry
63%
fallin'
63%
is
63%
makes
63%
on
63%
Ooh
63%
place
63%
see
63%
warm
63%
we
63%
are
56%
face
56%
hidin'
56%
hold
56%
kiss
56%
lose
56%
safer
56%
say
56%
shows
56%
staying
56%
They
56%
this
56%
way
56%
windowpane
56%
adore
50%
all
50%
arms
50%
control
50%
covers
50%
feelings
50%
get
50%
give
50%
(mmm)
50%
silly
50%
tingles
50%
Under
50%
warmth
50%
Will
50%
am
44%
Holdin'
44%
I'm
44%
soul
44%
tight
44%
what
44%
gonna
38%
tucked
38%
asleep
31%
baby
31%
enough
31%
comfortable
25%
even
19%
No matching quizzes found
Score Distribution
Percent of People with Each Score
Percentile by Number Answered
Your Score History
You have not taken this quiz